000 00607nam a2200181Ia 4500
003 GCL
008 140319s9999 xx 000 0 eng d
020 _a9960726991
040 _aGCL /
_cGCL
082 0 4 _a669.209538
_bH P
100 1 _aHECK ,GENE W.
245 1 0 _aTHE PRECIOUS METALS OF WEST ARABIA AND THEIR ROLE IN FORGING THE ECONOMIC DYNAMIC OF THE EARLY ISLAMIC STATE /
_cHECK ,GENE W.
260 _aالرياض :
_bKING FAISAL CENTER FOR RESEARCH AND ISLAMIC STUDIES ،
_c2003
300 _a25 CM ؛
_c474 PG
650 0 4 _aMETALS
650 0 4 _aPERCIOUS METALS - SAUDIA ARABIA
942 _2ddc
_cBK
999 _c7308
_d7308